Introducción de NIIF (IFRS) (Registro nro. 11571)

Detalles MARC
000 -LEADER
fixed length control field 00296 a2200109 4500
001 - CONTROL NUMBER
control field ART_6848
005 - DATE AND TIME OF LATEST TRANSACTION
control field 20260410161621.0
008 - FIXED-LENGTH DATA ELEMENTS--GENERAL INFORMATION
fixed length control field 260409a
100 1# - MAIN ENTRY--PERSONAL NAME
Personal name Slosse, Carlos Alberto
245 10 - TITLE STATEMENT
Title Introducción de NIIF (IFRS)
773 0# - HOST ITEM ENTRY
Title Enfoques
Related parts - Nº 8 (ago. 2010)
Record control number REV416

No hay ítems disponibles.